<?xml version="1.0" encoding="UTF-8"?>
<record
    xmlns:xsi="http://www.w3.org/2001/XMLSchema-instance"
    xsi:schemaLocation="http://www.loc.gov/MARC21/slim http://www.loc.gov/standards/marcxml/schema/MARC21slim.xsd"
    xmlns="http://www.loc.gov/MARC21/slim">

  <leader>00781nam a22002057a 4500</leader>
  <controlfield tag="005">20221207143053.0</controlfield>
  <controlfield tag="008">221207b           ||||| |||| 00| 0 eng d</controlfield>
  <datafield tag="040" ind1=" " ind2=" ">
    <subfield code="c">AL</subfield>
  </datafield>
  <datafield tag="041" ind1=" " ind2=" ">
    <subfield code="a">hin</subfield>
  </datafield>
  <datafield tag="082" ind1=" " ind2=" ">
    <subfield code="2">23</subfield>
    <subfield code="a">H891.8</subfield>
    <subfield code="b">SIMS</subfield>
  </datafield>
  <datafield tag="100" ind1=" " ind2=" ">
    <subfield code="a">Ram Siya Simh: &#x930;&#x93E;&#x92E; &#x938;&#x93F;&#x92F;&#x93E; &#x938;&#x93F;&#x902;&#x939; </subfield>
    <subfield code="9">64983</subfield>
  </datafield>
  <datafield tag="245" ind1=" " ind2=" ">
    <subfield code="a">Samajsevi  jagmagthe hire: &#x938;&#x92E;&#x93E;&#x91C;&#x938;&#x947;&#x935;&#x940; &#x91C;&#x917;&#x92E;&#x917;&#x93E;&#x924;&#x947; &#x939;&#x93F;&#x930;&#x947; </subfield>
  </datafield>
  <datafield tag="260" ind1=" " ind2=" ">
    <subfield code="a">Madhya Pradesh</subfield>
    <subfield code="b">Samtha Prakashan</subfield>
    <subfield code="c">1995</subfield>
  </datafield>
  <datafield tag="300" ind1=" " ind2=" ">
    <subfield code="a">176p.</subfield>
    <subfield code="b">PB</subfield>
    <subfield code="c">22x14cm.</subfield>
  </datafield>
  <datafield tag="365" ind1=" " ind2=" ">
    <subfield code="2">Hindi</subfield>
    <subfield code="b">50.00</subfield>
    <subfield code="c">&#x20B9;</subfield>
    <subfield code="d">50.00</subfield>
  </datafield>
  <datafield tag="650" ind1=" " ind2=" ">
    <subfield code="a">Hindi Miscellaneous: &#x939;&#x93F;&#x902;&#x926;&#x940; &#x935;&#x93F;&#x935;&#x93F;&#x927; </subfield>
    <subfield code="9">64980</subfield>
  </datafield>
  <datafield tag="650" ind1=" " ind2=" ">
    <subfield code="a">Hindi Literature: &#x939;&#x93F;&#x902;&#x926;&#x940; &#x938;&#x93E;&#x939;&#x93F;&#x924;&#x94D;&#x92F; </subfield>
    <subfield code="9">64981</subfield>
  </datafield>
  <datafield tag="700" ind1=" " ind2=" ">
    <subfield code="a">SIMH (Ram Siya): &#x938;&#x93F;&#x902;&#x939; (&#x930;&#x93E;&#x92E; &#x938;&#x93F;&#x92F;&#x93E;)</subfield>
    <subfield code="9">64982</subfield>
  </datafield>
  <datafield tag="942" ind1=" " ind2=" ">
    <subfield code="2">ddc</subfield>
    <subfield code="c">GF</subfield>
  </datafield>
  <datafield tag="999" ind1=" " ind2=" ">
    <subfield code="c">225481</subfield>
    <subfield code="d">225481</subfield>
  </datafield>
  <datafield tag="952" ind1=" " ind2=" ">
    <subfield code="0">0</subfield>
    <subfield code="1">0</subfield>
    <subfield code="2">ddc</subfield>
    <subfield code="4">0</subfield>
    <subfield code="7">0</subfield>
    <subfield code="8">HIN</subfield>
    <subfield code="a">AL</subfield>
    <subfield code="b">AL</subfield>
    <subfield code="d">2013-03-24</subfield>
    <subfield code="l">0</subfield>
    <subfield code="o">H891.8 SIMS</subfield>
    <subfield code="p">GF02470</subfield>
    <subfield code="r">2022-12-07 00:00:00</subfield>
    <subfield code="w">2022-12-07</subfield>
    <subfield code="y">GF</subfield>
  </datafield>
</record>
